00672cam a22002057a 4500003000500000005001700005008004100022010001000063011001000073035001000083040000900093082001500102100002700117245007200144260003100216300002200247490007000269650005700339830007000396CHAP20220329134410.0971013s1972 r 00010 d a19946 a20918 a25007 cCHAP a338.91bA500aAngelopoulos, Angelos.14aThe third world and the rich countries; prospects for the year 2000 aNew York :bPraeger,c1972 a248 p.b; gráfs 0aPraeger special studies in International economic and development14aPaíses subdesarrolladosxCondiciones económicas.0 aPraeger special studies in International economic and development